| 000 | 00369nam a22001217a 4500 | ||
|---|---|---|---|
| 082 |
_a355.02 _bSOL _cL-30 II, P-46 |
||
| 245 | _aSoldiers Speak selected articles from Pakistan Army journal. | ||
| 250 | _a1st | ||
| 260 |
_aRawalpindi _bArmy Education Press, GHQ _cc1981 |
||
| 300 |
_aPiii, 590 _bill _c18cm |
||
| 526 |
_a0 _b0 _c0 _d355_020000000000000_SOL |
||
| 942 |
_2ddc _cBK |
||
| 999 |
_c551561 _d551561 |
||